000 00545nam a2200193Ia 4500
005 20250326141924.0
008 250326s9999 xx 000 0 und d
020 _a81-212-0122-5
037 _aTextbook
040 _aFMSL
_beng
_cFMSL
041 _aeng
_2eng
084 _aX65 M8
_qFMSL
100 _aGoyal O P
245 0 _aConvertible debentures Bonds : Experience of Indian Private corporate sector
_cGoyal O P
260 _aDelhi
_bDelhi, Gian
_c1988
300 _a462p
942 _cTB
_hX65 M8
999 _c1292621
_d1292621